000 00354pam a2200157a 44500
008 230515b2003 xxu||||| |||| 00| 0 eng d
020 _aNULL
041 _aENG
082 _a618.1
100 _aRASHID L KHAN
245 _aFIVE TEACHERS GYNAECOLOGY 3RD ED
250 _a3RD
260 _aNULL
_b"C B S, ND,"
_c2003
300 _a387
650 _aNULL
999 _c523475
_d523475